000 02741cam a22004454i 4500
003 PE-LiUPU
005 20250731183436.0
008 150706s r 000 0 d
035 _a(Sirsi) a52008
040 _aPE-LiUPU
_bspa
_cPE-LiUPU
_erda
049 _aPRUA
082 0 4 _a720.986105
_bE78
_221
245 0 1 _aEspecialidades. Arquitectura para el bienestar /
_ceditor Casa Editorial Escala S.A. ; director David Serna Cárdenas ; colaboración de Ignacio Gallo. [et al.].
264 1 _aBogotá :
_bEscala,
_c2007.
300 _a158 páginas :
_bilustraciones ;
_c35 cm.
336 _atext
_2rdacontent
337 _aunmediated
_2rdamedia
338 _avolume
_2rdacarrier
490 0 _aPaquetes temáticos ;
_v210
500 _aISSN: 0120-6702Incluye reseñas de: libros, notas, concursos, eventos.
505 0 _aA los pies de Monserrate, Rogelio Salmona, Arturo Robledo Ocampo -- La influencia de la arquitectura en la recuperación del paciente -- Espacio hospitalario: la revuelta del cuerpo y el alma en el lugar -- Especialidades. Arquitectura para el bienestar -- Proyecto prototipo Centros de Salud -- Hospital de Suba - Nivel II -- Hospital São José Beneficência Portuguesa bloque 6 -- Urgencias del hospital municipal -- SaludSura Industriales - IPS nivel 1 -- Instituto municipal de rehabilitación -- Clínica Lungavita -- Jiva -Centro de trabajo corporal -- Centro de servicios compensar -- Clínica universitaria Colombia -- Iluminación hospital Paulistano -- Piscina para terapia física -- Los dos proyectos del hospital de Venecia de Le Corbusier -- Lo clásico, lo poético, lo erótico. -Cazú Zegers, .Bellavista. Un pueblo con los pies en el agua.
526 _aP158
526 _aP146
526 _aP17
526 _aP12
526 _aP06
541 _g004-000770;
650 0 4 _aArquitectura latinoamericana
_vPublicaciones seriadas.
650 0 4 _aArquitectura latinoamericana
_vFotografías
_vPublicaciones seriadas.
650 0 4 _aDiseño arquitectónico
_zAmérica Latina
_vPublicaciones seriadas.
650 0 4 _aArquitectos latinoamericanos
_vPublicaciones seriadas.
700 1 _aSerna Cárdenas, David,
_edir.
710 2 _aCasa editorial Escala S.A.
910 _afsr
_cfsr
_d20130108
942 _2ddc
_cBOOK
949 _a720.986105 E78 210
_wDEWEY
_c1
_i66332
_lCCODEBUL1
_mBUL
_p31.00
_r0
_sY
_tLIBRO
_u2015-07-06
_xINGENIERIA
_PP06
_o.STAFF. Colección General
994 _aC0
_bPEPRU
596 _a1
999 _a720.986105 E78 210
_wDEWEY
_c54593
_i66332
_d54593
_e2015-10-18
_f2021-11-9
_g4
_lCCODEBUL1
_mBUL
_n2
_p31.00
_q2
_r0
_sY
_tBOOK
_u2015-7-6
_xINGENIERIA
_PP06
_0COMPRA
_o.STAFF. Colección General
980 _81
_gALBERTO SANCHEZ Responsable de Automatización